Ficov vlakový socík

Od 17. novembra tohto roku môžu žiaci, študenti a dôchodcovia cestovať vlakmi zadarmo. Železničná spoločnosť Slovensko (ZSSK) obdrží zvýšené dotácie a nasadí dodatočné spoje. Autobusová doprava príde o časť svojich cestujúcich. V čase, keď ZSSK začína ohrozovať konkurencia zo zahraničia, nie je nasa...

ver descrição completa

Na minha lista:
Detalhes bibliográficos
Autor principal: Kováč, Ján
Formato: Capítulo de Livro
Idioma:eslovaco
Assuntos:
Tags: Adicionar Tag
Sem tags, seja o primeiro a adicionar uma tag!

MARC

LEADER 00000naa a2200000 4500
001 0193992
005 20231113101932.8
041 0 |a slo 
044 |a SK 
245 1 0 |a Ficov vlakový socík  |c Ján Kováč 
520 |a Od 17. novembra tohto roku môžu žiaci, študenti a dôchodcovia cestovať vlakmi zadarmo. Železničná spoločnosť Slovensko (ZSSK) obdrží zvýšené dotácie a nasadí dodatočné spoje. Autobusová doprava príde o časť svojich cestujúcich. V čase, keď ZSSK začína ohrozovať konkurencia zo zahraničia, nie je nasadzovanie starých vlakov najlepší nápad. V porovnaní cien cestovných lístkov vo vybraných krajinách, Slovensko vyšlo najlacnejšie. 
610 2 0 |a doprava železničná osobná 
610 2 0 |a doprava autobusová 
610 2 0 |a ceny 
610 2 0 |a dotácie štátne 
610 2 0 |a financie 
610 2 0 |a konkurencia 
610 2 0 |a študenti 
610 2 0 |a žiaci 
610 2 0 |a dôchodcovia 
100 1 |a Kováč, Ján